[Event "Irish International Open 2019"]
[Site "Dublin IRL"]
[Date "2019.04.20"]
[Round "6.33"]
[White "Pitkeathly, Hamish"]
[Black "O'Flaherty, Kevin"]
[Result "0-1"]
[WhiteElo "1511"]
[BlackElo "1889"]
[BlackICU "1865"]
[BlackClub "Univ. of Limerick"]
[WhiteNationality "ENG"]
[BlackNationality "IRL"]
[WhiteFideId "426768"]
[BlackFideId "2502283"]
[PlyCount "50"]
[EventDate "2019.04.17"]
[HashCode "31140ada"]

{ Event information: <a
href="http://www.irlchess.com/irishopen2019_allfiles/pairings_irishopen2019.html">Tournament
report</a>. }

1. e4 e5 2. Nf3 Nc6 3. Bb5 a6 4. Ba4 Nf6 5. O-O d6 6. Re1 b5 7. Bb3 Bg4 8.
c3 Be7 9. d4 O-O 10. Qd3 Bxf3 11. gxf3 Nh5 12. Kh1 Na5 13. Bc2 Bg5 14. Bxg5
Qxg5 15. Rg1 Qh4 16. Qf1 Nf4 17. Rg4 Qh5 18. Qg1 Kh8 19. Nd2 g6 20. Rg5 Qh6
21. dxe5 Nh3 22. Qg3 Qxg5 23. Qxg5 Nxg5 24. exd6 Rad8 25. Kg2 Rxd6 0-1

[Event "Irish International Open 2019"]
[Site "Dublin IRL"]
[Date "2019.04.20"]
[Round "6.34"]
[White "Murray, Sam"]
[Black "Moran, Darragh"]
[Result "0-1"]
[WhiteElo "1554"]
[BlackElo "1844"]
[WhiteICU "1521"]
[BlackICU "1853"]
[WhiteClub "Gonzaga"]
[BlackClub "Gonzaga"]
[WhiteNationality "IRL"]
[BlackNationality "IRL"]
[WhiteFideId "2508958"]
[BlackFideId "2510294"]
[PlyCount "52"]
[EventDate "2019.04.17"]
[HashCode "35bb2333"]

{ Event information: <a
href="http://www.irlchess.com/irishopen2019_allfiles/pairings_irishopen2019.html">Tournament
report</a>. }

1. d4 e6 2. Nc3 d5 3. e4 Nf6 4. exd5 exd5 5. Bg5 Bb4 6. Bd3 O-O 7. Ne2 c5
8. O-O c4 9. Bxf6 gxf6 10. Nf4 Bxc3 11. Bxh7+ Kxh7 12. Qh5+ Kg7 13. bxc3
Rh8 14. Qxd5 Qxd5 15. Nxd5 Nc6 16. Ne3 Bd7 17. Rab1 b6 18. Nxc4 Rac8 19.
Nxb6 axb6 20. Rxb6 Nb8 21. Rfb1 Ba4 22. R1b2 Nd7 23. R6b4 Rb8 24. c4 Rxb4
25. Rxb4 Bxc2 26. c5 Be4 0-1

[Event "Irish International Open 2019"]
[Site "Dublin IRL"]
[Date "2019.04.20"]
[Round "6.36"]
[White "Remenyik, David"]
[Black "Bergin, Cian"]
[Result "1-0"]
[WhiteElo "1798"]
[BlackElo "1512"]
[WhiteICU "1844"]
[WhiteNationality "IRL"]
[BlackNationality "IRL"]
[WhiteFideId "368178515"]
[BlackFideId "2512572"]
[PlyCount "39"]
[EventDate "2019.04.17"]
[HashCode "2acb8cfd"]

{ Event information: <a
href="http://www.irlchess.com/irishopen2019_allfiles/pairings_irishopen2019.html">Tournament
report</a>. }

1. d4 Nf6 2. Nf3 d5 3. c4 e6 4. Nc3 dxc4 5. Bg5 a6 6. e3 b5 7. a4 c6 8.
Bxf6 Qxf6 9. axb5 cxb5 10. Nxb5 Bb4+ 11. Nc3 O-O 12. Bxc4 Bb7 13. Be2 Qg6
14. O-O Rc8 15. Qb3 Bxc3 16. Qxb7 Nc6 17. bxc3 Qc2 18. Rxa6 Rab8 19. Rxc6
Rd8 20. Qa6 1-0

[Event "Irish International Open 2019"]
[Site "Dublin IRL"]
[Date "2019.04.20"]
[Round "6.37"]
[White "Boyle, Bernard"]
[Black "Loughran, John"]
[Result "1-0"]
[WhiteElo "1799"]
[BlackElo "1669"]
[WhiteICU "1708"]
[BlackICU "1548"]
[WhiteClub "Elm Mount"]
[BlackClub "Skerries"]
[WhiteNationality "IRL"]
[BlackNationality "IRL"]
[WhiteFideId "2501830"]
[BlackFideId "2501562"]
[PlyCount "60"]
[EventDate "2019.04.17"]
[HashCode "3f7e47c5"]

{ Event information: <a
href="http://www.irlchess.com/irishopen2019_allfiles/pairings_irishopen2019.html">Tournament
report</a>. }

1. d4 d5 2. Bf4 Bf5 3. c4 e6 4. Nc3 c6 5. Qb3 Qb6 6. c5 Qxb3 7. axb3 Na6 8.
Ra4 Bc2 9. e3 Bxb3 10. Bxa6 bxa6 11. Rxa6 Kd7 12. Nf3 f6 13. Kd2 Be7 14.
Rha1 Bc4 15. Rxa7+ Rxa7 16. Rxa7+ Kd8 17. Bc7+ Ke8 18. Na4 g5 19. Nb6 Bf1
20. Ne1 h5 21. Nc8 Rh6 22. Bd6 Bd8 23. Rg7 Rh8 24. Na7 Bb5 25. Nxb5 cxb5
26. Ra7 Nh6 27. c6 Nf7 28. Bc5 g4 29. c7 Bxc7 30. Rxc7 Nd8 1-0

[Event "Irish International Open 2019"]
[Site "Dublin IRL"]
[Date "2019.04.20"]
[Round "6.38"]
[White "Burg, Henk"]
[Black "Avetisyan, Gagik"]
[Result "1/2-1/2"]
[WhiteElo "1719"]
[BlackElo "1474"]
[BlackICU "1541"]
[BlackClub "Armenian C.C."]
[WhiteNationality "NED"]
[BlackNationality "IRL"]
[WhiteFideId "1017691"]
[BlackFideId "2512270"]
[PlyCount "43"]
[EventDate "2019.04.17"]
[HashCode "2ed47af8"]

{ Event information: <a
href="http://www.irlchess.com/irishopen2019_allfiles/pairings_irishopen2019.html">Tournament
report</a>. }

1. e4 e6 2. d4 d5 3. Nd2 dxe4 4. Nxe4 Nd7 5. g3 Ngf6 6. Nxf6+ Nxf6 7. Bg2
c6 8. Nf3 Be7 9. O-O O-O 10. c4 h6 11. Bd2 Qb6 12. Qb3 Nd7 13. Qc2 Bf6 14.
Bc3 Qc7 15. Rfe1 Re8 16. Ne5 Nxe5 17. dxe5 Be7 18. Rad1 Rd8 19. Rxd8+ Qxd8
20. Rd1 Qc7 21. f4 b6 22. b3 1/2-1/2

[Event "Irish International Open 2019"]
[Site "Dublin IRL"]
[Date "2019.04.20"]
[Round "6.39"]
[White "Saynajakangas, Kirsi"]
[Black "Wang, Eric"]
[Result "1/2-1/2"]
[WhiteElo "1693"]
[BlackElo "1268"]
[BlackICU "1115"]
[BlackClub "St. Benildus"]
[WhiteNationality "FIN"]
[BlackNationality "IRL"]
[WhiteFideId "502294"]
[BlackFideId "2511320"]
[PlyCount "51"]
[EventDate "2019.04.17"]
[HashCode "2ec54ff2"]

{ Event information: <a
href="http://www.irlchess.com/irishopen2019_allfiles/pairings_irishopen2019.html">Tournament
report</a>. }

1. d4 d5 2. Nf3 Nf6 3. Bf4 e6 4. e3 Nc6 5. Nbd2 Bd6 6. Bg3 Bd7 7. Bxd6 cxd6
8. Be2 e5 9. O-O O-O 10. c4 Bg4 11. h3 Bh5 12. Rc1 e4 13. Nh2 Bxe2 14. Qxe2
Nb4 15. a3 Nd3 16. Rc2 Rc8 17. Ng4 b5 18. c5 Nxg4 19. hxg4 a5 20. Nb3 a4
21. Nc1 dxc5 22. Nxd3 exd3 23. Qxd3 c4 24. Qf5 Qd6 25. g3 Qg6 26. Qxg6
1/2-1/2

[Event "Irish International Open 2019"]
[Site "Dublin IRL"]
[Date "2019.04.20"]
[Round "6.40"]
[White "Tempany, Max"]
[Black "Jordan, Felix"]
[Result "1/2-1/2"]
[WhiteElo "1519"]
[BlackElo "1538"]
[WhiteICU "1400"]
[BlackICU "1442"]
[WhiteClub "Gonzaga"]
[BlackClub "St. Benildus"]
[WhiteNationality "IRL"]
[BlackNationality "IRL"]
[WhiteFideId "2511452"]
[BlackFideId "2510324"]
[PlyCount "64"]
[EventDate "2019.04.17"]
[HashCode "4519dd3e"]

{ Event information: <a
href="http://www.irlchess.com/irishopen2019_allfiles/pairings_irishopen2019.html">Tournament
report</a>. }

1. e4 e6 2. d4 d5 3. Nc3 c5 4. exd5 exd5 5. dxc5 d4 6. Bb5+ Nc6 7. Nce2
Qa5+ 8. c3 Qxb5 9. cxd4 Bf5 10. Nc3 Qa5 11. Nf3 Nf6 12. O-O O-O-O 13. Bg5
Bxc5 14. d5 Ne7 15. Bxf6 gxf6 16. a3 Bd6 17. b4 Qb6 18. Na4 Qb5 19. Nc3 Qc4
20. Rc1 Kb8 21. Qa4 Bd7 22. Qd1 Rhg8 23. Kh1 Bb5 24. Re1 Ng6 25. Ne4 Qd3
26. Nxf6 Qxd1 27. Rcxd1 Rdf8 28. Ng5 Be7 29. Ngxh7 Bxf6 30. Nxf6 Rh8 31.
Ne4 Rd8 32. Nc3 Bd7 1/2-1/2

[Event "Irish International Open 2019"]
[Site "Dublin IRL"]
[Date "2019.04.20"]
[Round "6.41"]
[White "Harrington, Eoin"]
[Black "Fitzpatrick, Kevin"]
[Result "1-0"]
[WhiteElo "1585"]
[BlackElo "1427"]
[WhiteICU "1153"]
[BlackICU "1249"]
[WhiteClub "Ballyroan C.C."]
[BlackClub "Galway"]
[WhiteNationality "IRL"]
[BlackNationality "IRL"]
[WhiteFideId "2513196"]
[BlackFideId "2505886"]
[PlyCount "31"]
[EventDate "2019.04.17"]
[HashCode "22f8bc56"]

{ Event information: <a
href="http://www.irlchess.com/irishopen2019_allfiles/pairings_irishopen2019.html">Tournament
report</a>. }

1. e4 e5 2. Nf3 Nc6 3. Bb5 d6 4. O-O f5 5. d3 f4 6. d4 a6 7. Bxc6+ bxc6 8.
dxe5 g5 9. Nd4 h5 10. exd6 cxd6 11. Nf3 Qf6 12. Bd2 Qg6 13. Bc3 Rh7 14. Re1
h4 15. h3 Bd7 16. Na3 1-0

[Event "Irish International Open 2019"]
[Site "Dublin IRL"]
[Date "2019.04.20"]
[Round "6.43"]
[White "Honner, Mervyn"]
[Black "Dimitrov, Nikolai"]
[Result "1-0"]
[WhiteElo "1441"]
[BlackElo "1411"]
[WhiteICU "1226"]
[BlackICU "1131"]
[WhiteClub "Bray"]
[BlackClub "Skerries"]
[WhiteNationality "IRL"]
[BlackNationality "IRL"]
[WhiteFideId "2504847"]
[BlackFideId "2511649"]
[PlyCount "65"]
[EventDate "2019.04.17"]
[HashCode "3dea43d2"]

{ Event information: <a
href="http://www.irlchess.com/irishopen2019_allfiles/pairings_irishopen2019.html">Tournament
report</a>. }

1. e4 c5 2. Nf3 Nc6 3. Nc3 e5 4. Nd5 Nf6 5. Bc4 Nxe4 6. d3 Nd6 7. Bb3 b5 8.
O-O c4 9. dxc4 bxc4 10. Ba4 Bb7 11. Re1 Qa5 12. Bxc6 Bxc6 13. Rxe5+ Kd8 14.
Bg5+ f6 15. Nxf6 Bb5 16. Nd5+ Kc8 17. Ne7+ Bxe7 18. Bxe7 Nf7 19. Rc5+ Kb7
20. Qd5+ Ka6 21. Nd4 Rab8 22. Qxf7 Rhe8 23. c3 Qa4 24. Nxb5 Qc2 25. Nc7+
Kb6 26. Nxe8 Qxb2 27. Rf1 a6 28. Rxc4 a5 29. Bc5+ Kb5 30. Nd6+ Ka6 31. Ra4
g6 32. Qxd7 h5 33. Qa7# 1-0

[Event "Irish International Open 2019"]
[Site "Dublin IRL"]
[Date "2019.04.20"]
[Round "6.45"]
[White "O'Connell, Michael Joseph"]
[Black "Doyle, Peter"]
[Result "1-0"]
[WhiteElo "1508"]
[BlackElo "1420"]
[WhiteICU "1235"]
[BlackICU "1219"]
[WhiteClub "Curragh"]
[BlackClub "Cork"]
[WhiteNationality "IRL"]
[BlackNationality "IRL"]
[WhiteFideId "2507676"]
[BlackFideId "2510219"]
[PlyCount "70"]
[EventDate "2019.04.17"]
[HashCode "49c10488"]

{ Event information: <a
href="http://www.irlchess.com/irishopen2019_allfiles/pairings_irishopen2019.html">Tournament
report</a>. }

1. d4 e6 2. Bf4 Nf6 3. c3 Be7 4. e3 O-O 5. Bd3 d6 6. Nf3 Nc6 7. Nbd2 Re8 8.
Qc2 Bf8 9. O-O-O g6 10. h4 h5 11. Ng5 Re7 12. Nge4 Bg7 13. Bg5 Rd7 14. Rdg1
d5 15. Ng3 Qe8 16. f3 a6 17. e4 e5 18. exd5 Nxd5 19. Re1 Qf8 20. Bxg6 fxg6
21. Qxg6 Rd6 22. Qxh5 Qf7 23. dxe5 Qxh5 24. Nxh5 Re6 25. f4 Nce7 26. Ng3
Rc6 27. c4 Nb4 28. Bxe7 Nd3+ 29. Kc2 Nxe1+ 30. Rxe1 b5 31. b3 Re6 32. Bc5
Rc6 33. Be7 bxc4 34. bxc4 a5 35. Kc3 Rb8 1-0

[Event "Irish International Open 2019"]
[Site "Dublin IRL"]
[Date "2019.04.21"]
[Round "7.1"]
[White "Burg, Twan"]
[Black "Jovanic, Ognjen"]
[Result "1-0"]
[WhiteTitle "GM"]
[BlackTitle "GM"]
[WhiteElo "2519"]
[BlackElo "2515"]
[WhiteNationality "NED"]
[BlackNationality "CRO"]
[WhiteFideId "1010697"]
[BlackFideId "14504081"]
[PlyCount "157"]
[EventDate "2019.04.17"]
[BlackFullName "Jovani&#263;, Ognjen"]
[ICUid "50230"]
[HashCode "93f6b6d9"]

{ Event information: <a
href="http://www.irlchess.com/irishopen2019_allfiles/pairings_irishopen2019.html">Tournament
report</a>. }

1. e4 c5 2. Nf3 e6 3. d4 cxd4 4. Nxd4 Nc6 5. Nc3 Qc7 6. Be2 Nf6 7. Be3 a6
8. O-O Bb4 9. Na4 Be7 10. Nxc6 bxc6 11. Nb6 Rb8 12. Nxc8 Qxc8 13. Bd4 c5
14. Be5 Rb6 15. Qd3 d6 16. Bc3 O-O 17. b3 d5 18. exd5 Nxd5 19. Be5 Rd8 20.
Qg3 Bf6 21. Rfd1 Bxe5 22. Qxe5 Qb8 23. Qxb8 Rdxb8 24. Bf3 Nf6 25. Rd3 Kf8
26. Rad1 Ke7 27. h4 h6 28. g3 Rc8 29. Rc3 Rd6 30. Rxd6 Kxd6 31. Rc4 Rc7 32.
Ra4 Ra7 33. Ra5 Nd5 34. a3 Kc6 35. b4 cxb4 36. axb4 Kb6 37. Bxd5 exd5 38.
Rxd5 Rc7 39. h5 Rxc2 40. Rd4 g6 41. Rf4 gxh5 42. Rxf7 h4 43. gxh4 Kb5 44.
Rb7+ Kc6 45. Rh7 Rc4 46. Rxh6+ Kd5 47. Rxa6 Rxb4 48. h5 Ke5 49. Kg2 Kf5 50.
Ra5+ Kf6 51. Kg3 Rc4 52. h6 Kg6 53. Ra6+ Kf7 54. f4 Rc5 55. Kg4 Rb5 $2 (
55... Rc1 $10) (55... Rc2 $10) 56. Ra7+ $1 $18 Kg8 57. f5 Rb1 58. Kg5 Rg1+
59. Kf6 Rb1 60. Re7 Ra1 61. Rg7+ Kh8 62. Re7 Kg8 63. h7+ $2 (63. Ke5 $18)
63... Kh8 $10 64. Kf7 Ra6 $2 (64... Ra5 $1 $10) 65. Re6 $18 Ra7+ 66. Kf6 $2
(66. Kf8 $18) 66... Ra1 $10 67. Kg6 Ra6 $2 (67... Rg1+ $1 $10) 68. Kf7 $1
$18 Ra7+ 69. Re7 $2 (69. Kf8 $18) 69... Ra6 $2 (69... Ra5 $1 $10) 70. Re3
Ra7+ 71. Kg6 $2 (71. Kf8 $18) 71... Rg7+ $2 (71... Re7 $1 $10) 72. Kf6 Rg1
73. Ke7 Ra1 74. f6 Ra7+ 75. Kf8 Ra8+ 76. Kf7 Ra1 77. Rd3 Ra2 78. Kf8 Kxh7
79. f7 1-0

[Event "Irish International Open 2019"]
[Site "Dublin IRL"]
[Date "2019.04.21"]
[Round "7.2"]
[White "Larino Nieto, David"]
[Black "Saric, Ante"]
[Result "1-0"]
[WhiteTitle "GM"]
[BlackTitle "GM"]
[WhiteElo "2434"]
[BlackElo "2530"]
[WhiteNationality "ESP"]
[BlackNationality "CRO"]
[WhiteFideId "2256444"]
[BlackFideId "14506254"]
[PlyCount "97"]
[EventDate "2019.04.17"]
[WhiteFullName "Lari&ntilde;o Nieto, David"]
[BlackFullName "&#352;ari&#263;, Ante"]
[ICUid "50231"]
[HashCode "611dabe5"]

{ Event information: <a
href="http://www.irlchess.com/irishopen2019_allfiles/pairings_irishopen2019.html">Tournament
report</a>. }

1. Nf3 Nf6 2. b3 g6 3. Bb2 Bg7 4. c4 c5 5. g3 d6 6. Bg2 Nc6 7. O-O O-O 8.
e3 e5 9. Nc3 Bf5 10. d3 Qd7 11. Ng5 Rad8 12. f4 exf4 13. gxf4 Ng4 14. Rf3
Rfe8 15. Nge4 Bxe4 16. dxe4 f5 17. Rg3 Nf6 18. exf5 Qxf5 19. Qd2 Nh5 20.
Rg5 Qf8 21. Kh1 Bf6 22. Bd5+ Kh8 23. Rag1 Ne7 24. Rxh5 gxh5 25. Bxb7 Nf5
26. Ne4 Bxb2 27. Qxb2+ Ng7 28. Bd5 Re7 29. Ng3 Rdd7 30. e4 Qe8 31. Nf5 Rf7
32. Bxf7 Qxe4+ 33. Qg2 Qxg2+ 34. Rxg2 Rxf7 35. Nxg7 Rxg7 36. Rxg7 Kxg7 37.
Kg2 Kf6 38. Kf3 Kf5 39. a4 a5 40. h3 h4 41. Ke3 h5 42. Kf3 Ke6 43. Ke4 Kf6
44. Kd5 Kf5 45. Kxd6 Kxf4 46. Kxc5 Kg3 47. b4 axb4 48. Kxb4 Kxh3 49. a5 1-0

[Event "Irish International Open 2019"]
[Site "Dublin IRL"]
[Date "2019.04.21"]
[Round "7.3"]
[White "Ruck, Robert"]
[Black "Longson, Alexander"]
[Result "1-0"]
[WhiteTitle "GM"]
[BlackTitle "FM"]
[WhiteElo "2522"]
[BlackElo "2318"]
[WhiteNationality "HUN"]
[BlackNationality "ENG"]
[WhiteFideId "705713"]
[BlackFideId "408093"]
[PlyCount "79"]
[EventDate "2019.04.17"]
[ICUid "50232"]
[HashCode "558f7f85"]

{ Event information: <a
href="http://www.irlchess.com/irishopen2019_allfiles/pairings_irishopen2019.html">Tournament
report</a>. }

1. Nf3 d5 2. d4 e6 3. c4 c6 4. Nbd2 Nf6 5. g3 Nbd7 6. Bg2 Bd6 7. O-O O-O 8.
Qc2 Re8 9. Rd1 Qe7 10. b3 e5 11. dxe5 Nxe5 12. Bb2 Nxf3+ 13. Bxf3 Bh3 14.
cxd5 cxd5 15. Rac1 Ne4 16. Nxe4 dxe4 17. Bg2 Bg4 18. Rd4 Bf5 19. e3 Rac8
20. Rc4 Rcd8 21. Rd4 Rc8 22. Qd2 Rxc1+ 23. Qxc1 Be5 24. Rd2 Rc8 25. Rc2
Rxc2 26. Qxc2 Bxb2 27. Qxb2 Qb4 28. h3 h5 29. Qc2 a5 30. g4 hxg4 31. hxg4
Bxg4 32. Bxe4 g6 33. Bd5 Kg7 34. Qc7 Qe1+ 35. Kg2 Be2 36. Qxf7+ Kh6 37.
Qf8+ Kg5 38. f4+ Kh5 39. Qh8+ Kg4 40. Be6# 1-0

[Event "Irish International Open 2019"]
[Site "Dublin IRL"]
[Date "2019.04.21"]
[Round "7.4"]
[White "Thorfinnsson, Bjorn"]
[Black "Strikovic, Aleksa"]
[Result "1/2-1/2"]
[WhiteTitle "IM"]
[BlackTitle "GM"]
[WhiteElo "2399"]
[BlackElo "2493"]
[WhiteNationality "ISL"]
[BlackNationality "SRB"]
[WhiteFideId "2300982"]
[BlackFideId "900150"]
[PlyCount "81"]
[EventDate "2019.04.17"]
[WhiteFullName "&THORN;orfinnsson, Bj&ouml;rn"]
[BlackFullName "Strikovi&#263;, Aleksa"]
[ICUid "50233"]
[HashCode "58209e57"]

{ Event information: <a
href="http://www.irlchess.com/irishopen2019_allfiles/pairings_irishopen2019.html">Tournament
report</a>. }

1. d4 d6 2. Nf3 Nf6 3. Nc3 Nbd7 4. e4 e5 5. Bc4 Be7 6. O-O O-O 7. a4 c6 8.
a5 Rb8 9. h3 b5 10. axb6 axb6 11. Re1 b5 12. Bd3 Bb7 13. Ne2 c5 14. dxe5
Nxe5 15. Bxb5 Nxf3+ 16. gxf3 Bxe4 17. fxe4 Rxb5 18. e5 dxe5 19. Qxd8 Rxd8
20. Nc3 Rb7 21. Rxe5 h6 22. Ra4 Bd6 23. Re1 Rb4 24. b3 Bf8 25. Be3 Rc8 26.
Rea1 Rbb8 27. Bf4 Rb4 28. Bg3 Rd4 29. Ra8 Rdd8 30. Rxc8 Rxc8 31. Ra4 Rd8
32. Bc7 Rd7 33. Bf4 Nd5 34. Nxd5 Rxd5 35. Ra5 g5 36. Be3 f5 37. c4 Rd3 38.
h4 Rxb3 39. hxg5 hxg5 40. Bxc5 Bxc5 41. Rxc5 1/2-1/2

[Event "Irish International Open 2019"]
[Site "Dublin IRL"]
[Date "2019.04.21"]
[Round "7.7"]
[White "Epishin, Vladimir"]
[Black "Mihalik, Agoston"]
[Result "1-0"]
[WhiteTitle "GM"]
[WhiteElo "2568"]
[BlackElo "2203"]
[WhiteNationality "RUS"]
[BlackNationality "HUN"]
[WhiteFideId "4162714"]
[BlackFideId "719021"]
[PlyCount "93"]
[EventDate "2019.04.17"]
[ICUid "50236"]
[HashCode "65d7298e"]

{ Event information: <a
href="http://www.irlchess.com/irishopen2019_allfiles/pairings_irishopen2019.html">Tournament
report</a>. }

1. c4 Nf6 2. Nc3 e6 3. d4 Bb4 4. Bd2 O-O 5. Nf3 b6 6. e3 Bxc3 7. Bxc3 Ne4
8. Bb4 d6 9. Nd2 Nxd2 10. Qxd2 c5 11. Bc3 Qe7 12. Be2 Bb7 13. O-O Nd7 14.
Rfd1 Rfd8 15. f3 Nf8 16. Bf1 Ng6 17. Qf2 Rd7 18. Rd2 Rad8 19. Rad1 f5 20.
b4 cxd4 21. exd4 Rc8 22. Bb2 Rdc7 23. Rc2 e5 24. Qe3 e4 25. d5 Ne5 26. Bxe5
Qxe5 27. fxe4 fxe4 28. Rd4 Re8 29. Rf2 Bc8 30. Be2 Rce7 31. Rd1 g6 32. c5
bxc5 33. bxc5 dxc5 34. d6 Rd7 35. Bb5 Red8 36. Qb3+ Kg7 37. Bxd7 Rxd7 38.
Rd5 Qe6 39. Qc3+ Kh6 40. Qe3+ Kg7 41. Qf4 Rd8 42. Rxc5 e3 43. Rc7+ Kg8 44.
Re2 Rxd6 45. Rxe3 Rd1+ 46. Kf2 Qxa2+ 47. Re2 1-0

[Event "Irish International Open 2019"]
[Site "Dublin IRL"]
[Date "2019.04.21"]
[Round "7.9"]
[White "Fitzsimons, David"]
[Black "Han, Yichen"]
[Result "0-1"]
[WhiteTitle "IM"]
[WhiteElo "2299"]
[BlackElo "2190"]
[WhiteICU "2343"]
[WhiteClub "Elm Mount"]
[WhiteNationality "IRL"]
[BlackNationality "NED"]
[WhiteFideId "2501961"]
[BlackFideId "1054430"]
[PlyCount "140"]
[EventDate "2019.04.17"]
[ICUid "50238"]
[HashCode "8aa327d2"]

{ Event information: <a
href="http://www.irlchess.com/irishopen2019_allfiles/pairings_irishopen2019.html">Tournament
report</a>. }

1. e4 c5 2. Nf3 d6 3. c3 Nf6 4. Be2 Nc6 5. d4 cxd4 6. cxd4 e6 7. Nc3 Be7 8.
Be3 d5 9. e5 Nd7 10. Bd3 f6 11. exf6 Nxf6 12. O-O O-O 13. h3 Bd6 14. Rc1
Qe8 15. Re1 Qh5 16. a3 a6 17. b4 Bd7 18. Na4 e5 19. Be2 exd4 20. Nxd4 Qg6
21. Kh1 Ne4 22. Nf3 d4 23. Bxd4 Nxd4 24. Qxd4 Nxf2+ 25. Qxf2 Bxa4 26. Bc4+
Kh8 27. Re6 Qg3 28. Qxg3 Bxg3 29. Bd5 Rac8 30. Rf1 Bb5 31. Rb1 Rc7 32. Rb6
Rfc8 33. Bxb7 Rb8 34. a4 Bxa4 35. Ra1 Bb5 36. Bxa6 Rxb6 37. Bxb5 g6 38. Bf1
Rxb4 39. Ng5 Rcb7 40. Kg1 Kg7 41. Ra3 Rb3 42. Ra6 Rb1 43. Ra3 Bd6 44. Rf3
Re1 45. Kf2 Re5 46. h4 h6 47. Nh3 Rf7 48. Rxf7+ Kxf7 49. Bd3 Ra5 50. Be2
Ra3 51. Bf3 Kf6 52. g4 Ra2+ 53. Be2 Bg3+ 54. Kxg3 Rxe2 55. Kf4 Ra2 56. g5+
hxg5+ 57. Nxg5 Ra4+ 58. Kg3 Kf5 59. Nf7 Ra3+ 60. Kg2 Kg4 61. Ne5+ Kh5 62.
Kf2 Ra4 63. Nf3 Rf4 64. Kg3 Rxf3+ 65. Kxf3 Kxh4 66. Kf2 Kh3 67. Kf3 g5 68.
Kf2 g4 69. Kg1 Kg3 70. Kh1 Kf2 0-1

[Event "Irish International Open 2019"]
[Site "Dublin IRL"]
[Date "2019.04.21"]
[Round "7.16"]
[White "Lundback, Anders"]
[Black "Melaugh, Shane"]
[Result "0-1"]
[WhiteElo "1806"]
[BlackElo "2105"]
[BlackICU "2091"]
[BlackClub "Elm Mount"]
[WhiteNationality "SWE"]
[BlackNationality "IRL"]
[WhiteFideId "1713876"]
[BlackFideId "2509580"]
[PlyCount "64"]
[EventDate "2019.04.17"]
[ICUid "50245"]
[HashCode "454e6f4d"]

{ Event information: <a
href="http://www.irlchess.com/irishopen2019_allfiles/pairings_irishopen2019.html">Tournament
report</a>. }

1. d4 e6 2. c4 f5 3. Nc3 Nf6 4. Nf3 Bb4 5. Bd2 b6 6. g3 Bb7 7. Bg2 O-O 8.
O-O d6 9. Qb3 Bxc3 10. Bxc3 Nbd7 11. Rfd1 Qe8 12. a4 Qh5 13. a5 g5 14. Bb4
Ne4 15. a6 Bc6 16. d5 Ndc5 17. Bxc5 Nxc5 18. Qe3 f4 19. Qc3 Bd7 20. b4 Ne4
21. Qd3 Nf6 22. dxe6 Bc6 23. e7 Rf7 24. Nxg5 Bxg2 25. Nxf7 Be4 26. Qd4 Kxf7
27. f3 fxg3 28. hxg3 Rg8 29. Kg2 Qg5 30. e8=Q+ Kxe8 31. fxe4 Qxg3+ 32. Kf1
Ng4 0-1

[Event "Irish International Open 2019"]
[Site "Dublin IRL"]
[Date "2019.04.21"]
[Round "7.23"]
[White "Moran, Darragh"]
[Black "Mulligan, Scott"]
[Result "1/2-1/2"]
[WhiteElo "1844"]
[BlackElo "2006"]
[WhiteICU "1853"]
[BlackICU "2011"]
[WhiteClub "Gonzaga"]
[BlackClub "U.C.D."]
[WhiteNationality "IRL"]
[BlackNationality "IRL"]
[WhiteFideId "2510294"]
[BlackFideId "2507498"]
[PlyCount "39"]
[EventDate "2019.04.17"]
[ICUid "50252"]
[HashCode "2866e127"]

{ Event information: <a
href="http://www.irlchess.com/irishopen2019_allfiles/pairings_irishopen2019.html">Tournament
report</a>. }

1. e4 e6 2. d4 d5 3. Nc3 Bb4 4. Ne2 Nf6 5. a3 Be7 6. Ng3 dxe4 7. Ncxe4 Nbd7
8. Bd3 b6 9. Bf4 Bb7 10. Qe2 Nxe4 11. Bxe4 Bxe4 12. Nxe4 Nf6 13. O-O-O Nxe4
14. Qxe4 O-O 15. h4 Bf6 16. g4 Rc8 17. Kb1 Qd5 18. Qxd5 exd5 19. Bg5 Bd8
20. Bxd8 1/2-1/2